| 000 | 00765nam a2200193 a 4500 | ||
|---|---|---|---|
| 003 | 0 | ||
| 005 | 20250311163713.0 | ||
| 008 | 090729s19uu xx 00 eng d | ||
| 050 |
_aPHS LB 3605 _b.B352 2009 |
||
| 100 | _aBautista, Ramon Alfredo C. | ||
| 245 |
_aStudent achievement, enrolment in review centers, and preparedness for college admission tests / _cRamon Alfredo C. Bautista. |
||
| 260 |
_aLas PiƱas City, Philippines : _bSouthville International School and Colleges, _c2009. |
||
| 300 |
_a27 pages : _billustrations ; _c28 cm. |
||
| 504 | _aIncludes bibliographical references. | ||
| 650 |
_aCollege entrance achievement tests _xStudy guides. |
||
| 650 |
_aTest preparation _xStudy and teaching. |
||
| 650 |
_aEducation _xReadiness. |
||
| 942 |
_2lcc _cPASS |
||
| 999 |
_c98288 _d98288 |
||